00654nam a2200181Ia 4500008004100000020001800041022001500059040001300074082001900087100001900106245007500125260004200200300003000242500005000272650005900322650005600381650003500437191130s2009##################000#0#eng## a9780199547890 a2009020071 aACLcACL a330.153092 MCC aMcCormick, Ted aWilliam petty and the ambitions of political arithmeticcTed McCormick aOxfordbOxford University Pressc2009 axv, 347 p. : ill. ; 25 cm aIncludes bibliographical references and index aEconomics - Political aspects - History - 17th century aGreat Britain - Politics and government - 1603-1714 aPetty, William, Sir, 1623-1687